Introducing psychology (Record no. 1238259)

MARC details
000 -LEADER
fixed length control field 00830nam a22002537a 4500
005 - DATE AND TIME OF LATEST TRANSACTION
control field 20250127101807.0
008 - FIXED-LENGTH DATA ELEMENTS--GENERAL INFORMATION
fixed length control field 250127b |||||||| |||| 00| 0 eng d
020 ## - INTERNATIONAL STANDARD BOOK NUMBER
International Standard Book Number 978-1-319-54517-8 (pbk)
037 ## - SOURCE OF ACQUISITION
Terms of availability TB
040 ## - CATALOGING SOURCE
Original cataloging agency CRL
Transcribing agency CRL
041 ## - LANGUAGE CODE
Source of code eng
Language code of text/sound track or separate title eng
084 ## - COLON CLASSIFICATION NUMBER
Classification number S R4
Assigning agency CRL
100 ## - MAIN ENTRY--PERSONAL NAME
Personal name Schacter, Daniel L.
9 (RLIN) 734820
245 ## - TITLE STATEMENT
Title Introducing psychology
250 ## - EDITION STATEMENT
Edition statement 6th Ed.
260 ## - PUBLICATION, DISTRIBUTION, ETC.
Place of publication, distribution, etc. New York, USA:
Name of publisher, distributor, etc. Worth Publishers,
Date of publication, distribution, etc. 2024
300 ## - PHYSICAL DESCRIPTION
Extent xxxvii, 449p.
365 ## - TRADE PRICE
Price amount 65.99
Currency code UKP
650 ## - SUBJECT ADDED ENTRY--TOPICAL TERM
Topical term or geographic name entry element Psychology
9 (RLIN) 734821
653 ## - INDEX TERM--UNCONTROLLED
Uncontrolled term Psychology
700 ## - ADDED ENTRY--PERSONAL NAME
Personal name Daniel T. Gilbert (Author)
9 (RLIN) 734822
942 ## - ADDED ENTRY ELEMENTS (KOHA)
Source of classification or shelving scheme Colon Classification (CC)
Koha item type Textbook
Edition 6th Ed.
Classification part S R4
Suppress in OPAC No
Holdings
Withdrawn status Lost status Source of classification or shelving scheme Damaged status Not for loan Home library Current library Date acquired Source of acquisition Inventory number Total Checkouts Full call number Barcode Date last seen Price effective from Koha item type
    Colon Classification (CC)     Central Library Central Library 2025-01-27 Segment Book Distributors 69109 & 2024-12-06   S R4 CL1681804 2025-01-27 2025-01-27 Textbook
Copyright @ Delhi University Library System